| 000 | 01254 a2200193 4500 | ||
|---|---|---|---|
| 001 | 30942 | ||
| 005 | 20260407155618.0 | ||
| 008 | 260407a1971 arg spa d | ||
| 003 | AR-UNSa-BCEJYS | ||
| 040 |
_aAR-UNSa-BCEJYS _bspa _cAR-UNSa-BCEJYS |
||
| 080 |
_a657.1 _xTeneduría de libros. Sistemas. Procedimientos (Operaciones bancarias) |
||
| 245 | 1 | 0 | _aLos bancos comerciales |
| 264 | 1 |
_aBuenos Aires : _bPlus Ultra _c1971 |
|
| 300 |
_a124 p. _c20 cm. |
||
| 505 | _aParte I: Reglamentación general: 1. Evolución de la legislación bancaria Argentina - 2. Autorización y condiciones para funcionar - 3. Características operativas de los bancos comerciales - 4. El mantenimiento de una liquidez adecuada - 5. Disposiciones en resguardo de la solvencia - 6. Desarrollo de una sana competencia - 7. El secreto de las operaciones e informaciones - 8. El controlador de las entidades -- Parte II: Reglamentación crediticia: 1. Métodos de regulación y orientación crediticia - 2. El crédito en apoyo del crecimiento de la actividad productiva - 3. Normas tendientes a modificar la estructura de las carteras de créditos - 4. El destino de los préstamos | ||
| 942 | _cBK | ||
| 590 | _aniveau_biblio:m niveau_hierar:0 | ||
| 100 | 1 | _aMicele, Antonio | |
| 999 |
_c2147 _d2147 |
||